Personnages de Pretty Little Liars ( La série ) - Statistiques

Statistiques générales
  • Ce quiz a été pris 3 143 fois
  • Le résultat moyen est 15 sur 20
Statistiques - réponses
0 "Description" Nom % Correct
1 Dans les cinq filles , la blonde "disparue" Alison DiLaurentis
99%
4 Dans les cinq filles , la brune sortit avec quelqu'un de plus agé Aria Montgomery
99%
2 Dans les cinq filles , la deuxième blonde Hanna Marin
99%
5 Dans les cinq filles , "L'intello" qui bosse beaucoup Spencer Hastings
99%
3 Dans les cinq filles , La brune qui est lesbienne Emily Fields
98%
7 Le "petit ami actuel" d'Aria Ezra Fitz
94%
6 Le petit ami actuel d'Hanna Caleb Rivers
92%
9 La soeur Aveugle de Tobby Jenna Marshall
90%
8 Le petit ami actuel de Spencer Toby Cavanaugh
90%
10 La soeur de Spencer Mélissa Hastings
83%
12 Le frère d'Alison Jason DiLaurentis
81%
13 Le frère d'Aria Mike Montgomery
73%
20 La mère d'Hanna Ashley Marin
63%
18 La mère d'Aria Ella Montgomery
62%
17 La mère d'Emily Pam Fields
59%
15 Mère d'Alison Jessica DiLaurentis
56%
16 La mère de Spencer Véronica Hastings
53%
11 /Spoil\ A /Spoil\ Cece Drake
46%
14 Le père de Spencer Peter Hastings
43%
19 Le père d'Aria Bryon Montgomery
12%
Aucun quiz correspondant
Distribution des résultats
% des personnes avec chaque résultat
Percentile par nombre de réponses
Votre historique - résultats
Vous n’avez pas pris ce quiz